|
|
|
|
| LEADER |
00000nam0a2200000 4500 |
| 001 |
170580 |
| 005 |
20231101222912.0 |
| 035 |
|
|
|a (RuTPU)RU\TPU\book\184985
|
| 090 |
|
|
|a 170580
|
| 100 |
|
|
|a 20091124d1958 km y0rusy50 ca
|
| 101 |
0 |
|
|a rus
|
| 102 |
|
|
|a RU
|
| 105 |
|
|
|a a z 001zy
|
| 200 |
1 |
|
|a Гексохлоран, его свойства, получение и применение
|f Ю. Н. Безобразов, А. В. Молчанов, К. А. Гар
|
| 205 |
|
|
|a 2-е изд., расшир.
|
| 210 |
|
|
|a Москва
|c Госхимиздат
|d 1958
|
| 215 |
|
|
|a 316 с.
|c ил.
|
| 320 |
|
|
|a Библиогр.: с. 184-194.
|
| 320 |
|
|
|a Библиогр.: с. 302-313.
|
| 606 |
1 |
|
|a Гексахлоран
|x Химия
|2 stltpush
|3 (RuTPU)RU\TPU\subj\5621
|9 33650
|
| 606 |
1 |
|
|a Гексахлоран
|x Химическая технология
|2 stltpush
|3 (RuTPU)RU\TPU\subj\32512
|9 55041
|
| 610 |
1 |
|
|a свойства
|
| 610 |
1 |
|
|a получение
|
| 610 |
1 |
|
|a применение
|
| 610 |
1 |
|
|a обогащение
|
| 610 |
1 |
|
|a использование
|
| 610 |
1 |
|
|a дезодорация
|
| 610 |
1 |
|
|a инсектицидные препараты
|
| 610 |
1 |
|
|a инсектициды
|
| 610 |
1 |
|
|a биологический контроль
|
| 610 |
1 |
|
|a токсичность
|
| 675 |
|
|
|a 547.53
|v 3
|
| 675 |
|
|
|a 661.716
|v 3
|
| 700 |
|
1 |
|a Безобразов
|b Ю. Н.
|g Юрий Николаевич
|
| 701 |
|
1 |
|a Молчанов
|b А. В.
|g Андрей Васильевич
|
| 701 |
|
1 |
|a Гар
|b К. А.
|g Константин Аркадьевич
|
| 801 |
|
1 |
|a RU
|b 63413507
|c 20091124
|
| 801 |
|
2 |
|a RU
|b 63413507
|c 20170621
|g RCR
|
| 942 |
|
|
|c BK
|